000 00339nam a22001457a 4500
008 240126b ||||| |||| 00| 0 eng d
020 _a9780710208590
041 _aeng
080 _21986
_a101
082 _a101MAY
100 _a44
101 _aFILOZOFI
245 _aTHE PHILOSOPHY OF RIGHT AND WRONG
_cBERNARD MAYO
942 _2udc
_cBK
999 _c60554
_d60554